00726cam a22002531 4500001001300000003000400013005001700017008004100034010001700075025001900092035001900111040001800130042001200148050002100160111006100181245004700242260002200289300002600311500001700337500004600354650002600400710002900426999001700455sa 68008308 DLC20260227112531.0830405s1964 ii a 100 0 eng  asa 68008308  aPL480:I-E-8170 a(OCoLC)9376485 aDLCcViUdDLC apremarc00aGR10b.A6 1964aa2 aAll-India Folklore Conferencen(1st :d1964 :cCalcutta)00aAll-India Folklore Conference:b[souvenir. aCalcutta,c1964?] a51 p.billus.c24 cm. aCover title. aSponsored by the Indian Folklore Society. 0aFolklorevCongresses.2 aIndian Folklore Society. c82352d82352